JOHARI COMMENTARIES ON COMPANIES ACT (Record no. 32769)

MARC details
000 -LEADER
fixed length control field 00311nam a22001337a 4500
003 - CONTROL NUMBER IDENTIFIER
control field SGT
082 ## - DEWEY DECIMAL CLASSIFICATION NUMBER
Classification number 346.066
Item number JOH
100 ## - MAIN ENTRY--PERSONAL NAME
Personal name JOHARI H C
245 ## - TITLE STATEMENT
Title JOHARI COMMENTARIES ON COMPANIES ACT
Remainder of title SECTION 224 TO 447
250 ## - EDITION STATEMENT
Edition statement 2
260 ## - PUBLICATION, DISTRIBUTION, ETC. (IMPRINT)
Place of publication, distribution, etc KOLKATA
Name of publisher, distributor, etc KAMAL LAW HOUSE
Year of Publication 2006
300 ## - PAGE DESCRIPTION
No. of Pages 2944
942 ## - ADDED ENTRY ELEMENTS (KOHA)
Source of classification or shelving scheme Dewey Decimal Classification
Koha item type Books
Holdings
Withdrawn status Lost status Source of classification or shelving scheme Damaged status Not for loan Collection code Home library Current library Shelving location Date acquired Cost, normal purchase price SGTU Total Checkouts Full call number Accession No. (Barcode) Date last seen Bill Date Koha item type
    Dewey Decimal Classification   Not For Loan LAW SGT Science & Social Sciences Library SGT Science & Social Sciences Library Reference Book 06/10/2025 1595.00 SGTU   346.066 JOH FL3881 09/10/2025 06/10/2025 Books